000
00216nam a22000857a 4500
008
160624b xxu||||| |||| 00| 0 eng d
100
_9
1062
_a
Whitaey, P.A
245
_a
The Moonflower
260
_a
Greenwich
_b
Faweett Pub
_c
1972
999
_c
849
_d
849